Statistiques concernant Les présidents de la FIFA

Cliquez ici pour prendre le quiz!

Statistiques générales

  • Ce quiz a été pris 31 fois
  • Le résultat moyen est 3 sur 9

Statistiques - réponses

MandatNationPrésident% Correct
2016-Italie/SuisseGianni Infantino
94%
1998-2015SuisseSepp Blatter
87%
1921-1954FranceJules Rimet
39%
1974-1998BrésilJoão Havelange
26%
1961-1974AngleterreStanley Rous
13%
1955-1961AngleterreArthur Drewry
0%
1906-1918AngleterreDaniel Burley Woolfall
0%
1904-1906FranceRobert Guérin
0%
1954-1955BelgiqueRodolphe William Seeldrayers
0%

Distribution des résultats

Percentile par nombre de réponses

% des personnes avec chaque résultat

Votre développement - résultats

Vous n’avez pas pris ce quiz